Dějiny Slavičína /

Hlavní autor: Cekota, Vojtěch, 1930-2017
Další autoři: Hosák, Ladislav, 1898-1972
Jazyk: Čeština
Vydáno: Gottwaldov : Krajské museum, 1956
Edice: Studie Krajského musea v Gottwaldově. Řada společenských věd
Fyzický popis: 98 s., obr. příl. : il.
Language note: Německé a ruské resumé
Knihy
Uloženo v:
LEADER 01097nam a22002892a 4500
001 000301832
003 CZ BrMZK
005 20141006135637.0
007 ta
008 980105s1956 xr af f cze d
015 |a cnb000681672 
040 |a BOA001  |b cze 
041 0 |a cze  |b ger  |b rus 
100 1 |a Cekota, Vojtěch,  |d 1930-2017  |7 jk01020597  |4 aut 
245 1 0 |a Dějiny Slavičína /  |c Vojtěch Cekota, Ladislav Hosák 
260 |a Gottwaldov :  |b Krajské museum,  |c 1956 
300 |a 98 s., obr. příl. :  |b il. 
490 1 |a Studie Krajského musea v Gottwaldově. Řada společenských věd ;  |v č. 10 
504 |a Obsahuje bibliografii 
546 |a Německé a ruské resumé 
700 1 |a Hosák, Ladislav,  |d 1898-1972  |7 jk01042363  |4 aut 
830 0 |a Studie Krajského musea v Gottwaldově.  |p Řada společenských věd 
910 |a BOA001  |b 2-0372.229 
990 |a BK 
991 |b 201410 
996 7 |b 2619851049  |c 2-0372.229  |l MZK  |r Sklad / do 24 hodin  |n 14  |w 000301832  |u 000010  |a 1  |e BOA001  |j MZK50  |s A 
996 6 |b 2619865743  |c 2-0372.229  |l MZK  |r Sklad / do 24 hodin  |n 5  |w 000301832  |u 000020  |a 1  |e BOA001  |j MZK50  |s P